Statistics for Hottest Countries

Click here to take the quiz!

General Stats

  • This quiz has been taken 74 times
  • The average score is 6 of 13

Answer Stats

degrees C country % Correct
28.25Mali
85%
27.65Mauritania
73%
27.85Senegal
70%
27.20Ghana
67%
27.55Benin
65%
27.50Gambia
63%
28.25Burkina Faso
60%
28Djibouti
48%
27.65Maldives
32%
28.20Kiribati
20%
27.60Palau
20%
27.40Marshall Islands
20%
28Tuvalu
17%

Score Distribution

Percentile by Number Answered

Percent of People with Each Score

Your Score History

You have not taken this quiz